000 00838nam a2200253Ia 4500
003 OSt
005 20221005105508.0
006 a|||||r|||| 00| 0
007 ta
008 221004b |||||||| |||| 00| 0 hin d
024 _a31804
037 _cTextual
040 _aCRL
_cCRL
_bhin
041 _2hin
_ahin
082 _aQ2:4x1,1:g(Y), M1
100 _aदुबे, सत्यमित्र
245 0 _aमनु की समाजव्यवस्था
246 _aManu kī samājavyavasthā
260 _aनई दिल्ली
_bमैकमिलन इंडिया लिमिटेड भारत
_c1981
300 _a212पृ.
_ccm.
650 _aधर्म
942 _hQ2:4x1,1:g(Y), M1
_cTEXL
_2cc
999 _c1016005
_d1016005